Od rybníka k lesu [myslivecké a rybářské písničky] /

Korporativní autor: Krajanka Václava Hlaváčka (hudební skupina)
Další autoři: Briscein, Aleš, 1969-, Bárta, Miloš, Béreš, Viliam, 1960-, Hlaváček, Václav, 1891-1946, Jarešová, Ivana, Studničková, Anna, Zajíček, Pavel, 1951-2024, Zíma, Josef, 1932-2025, Školka, Áda, 1934-2020, Škvára, Jiří, 1945-, Bek, Josef, 1918-1995
Jazyk: Čeština
Vydáno: Praha : Pěnkava-Bartoš, p1992
Fyzický popis: 1 MC : stereo + 1 slož. list.
Zvukové nahrávky
Uloženo v:
LEADER 02075njm a2200517 a 4500
001 000265530
003 CZ BrMZK
005 20100624111724.0
008 950101s1992 xr f cze d
028 0 3 |a PB 0003-4411  |b Pěnkava-Bartoš 
040 |a BOA001  |b cze 
110 2 |a Krajanka Václava Hlaváčka (hudební skupina)  |7 ko2003164802  |4 prf 
245 1 0 |a Od rybníka k lesu  |h [zvukový záznam] :  |b [myslivecké a rybářské písničky] /  |c Krajanka. 
246 3 3 |a Vodičko studená 
246 3 3 |a Až půjdu za tebou, myslivečku 
246 3 3 |a Baštýřova Zuzana 
246 3 3 |a Jednoho večera 
246 3 3 |a Já jsem malý mysliveček 
246 3 3 |a Když jsem šel od vás 
246 3 3 |a Myslivče, myslivče 
246 3 3 |a Můj táta rybářem byl 
246 3 3 |a Nad Bezdrevem vyšla hvězda 
246 3 3 |a Od rybníka k lesu 
246 3 3 |a Poslední leč 
246 3 3 |a Sluníčko zachází 
246 3 3 |a Směs mysliveckých písní 
260 |a Praha :  |b Pěnkava-Bartoš,  |c p1992 
300 |a 1 MC :  |b stereo +  |e 1 slož. list. 
500 |a Durata neuv 
500 |a Nahr. 1992 
505 2 |a Až půjdu za tebou, myslivečku, Baštýřova Zuzana, Jednoho večera...[et al.] 
511 0 |a Aleš Briscein, zpěv; Anna Studničková, zpěv; Ivana Jarešová, zpěv...[et al.] 
700 1 |a Briscein, Aleš,  |d 1969-  |7 mzk2004261120  |4 prf 
700 1 |a Bárta, Miloš  |7 ola2002158823  |4 lyr 
700 1 |a Béreš, Viliam,  |d 1960-  |7 jn19990209051  |4 cmp 
700 1 |a Hlaváček, Václav,  |d 1891-1946  |7 jk01041219  |4 cnd 
700 1 |a Jarešová, Ivana  |7 mzk2010583455  |4 prf 
700 1 |a Studničková, Anna  |4 prf 
700 1 |a Zajíček, Pavel,  |d 1951-2024  |7 jn99240001496  |4 lyr 
700 1 |a Zíma, Josef,  |d 1932-2025  |7 jn19990210845  |4 prf 
700 1 |a Školka, Áda,  |d 1934-2020  |7 jo2004249841  |4 cmp 
700 1 |a Škvára, Jiří,  |d 1945-  |7 mzk2006363763  |4 prf 
700 1 |a Bek, Josef,  |d 1918-1995  |7 jk01011408  |4 prf 
910 |a BOA001  |b KZ-0000.668 
990 |a AV 
996 6 |b 261H000682  |c KZ-0000.668  |l MZK  |r Sklad / do 24 hodin  |n 0  |w 000265530  |u 000010  |a 1  |e BOA001  |j MZK50  |s P